Аттестация рабочих мест по условиям труда как основа обеспечения охраны труда работников; Энергетика: экология, надежность, безопасность

Bibliographic Details
Parent link:Энергетика: экология, надежность, безопасность.— 2009.— С. 184-185
Main Author: Бородин Ю. В. Юрий Викторович
Other Authors: Гуляев М. В. Милий Всеволодович, Гусельников М. Э. Михаил Эдуардович
Language:Russian
Published: 2009
Subjects:
Format: Book Chapter
KOHA link:https://koha.lib.tpu.ru/cgi-bin/koha/opac-detail.pl?biblionumber=177902

MARC

LEADER 00000naa2a2200000 4500
001 177902
005 20251205092508.0
035 |a (RuTPU)RU\TPU\book\192880 
090 |a 177902 
100 |a 20100329d2009 k y0rusy50 ca 
101 0 |a rus 
102 |a RU 
200 1 |a Аттестация рабочих мест по условиям труда как основа обеспечения охраны труда работников  |f Ю. В. Бородин, М. В. Гуляев, М. Э. Гусельников 
320 |a Библиогр.: 1 назв. 
463 1 |0 (RuTPU)RU\TPU\book\189735  |t Энергетика: экология, надежность, безопасность  |o материалы докладов XV Всероссийской научно-технической конференции, 9-11 декабря 2009 г., Томск  |f Томский политехнический университет (ТПУ) [и др.] ; под ред. В. В. Литвака  |v С. 184-185  |d 2009 
610 1 |a условия труда 
610 1 |a аттестация рабочих мест 
610 1 |a охрана труда 
610 1 |a труды учёных ТПУ 
700 1 |a Бородин  |b Ю. В.  |c химик-технолог  |c доцент Томского политехнического университета, кандидат технических наук  |f 1958-  |g Юрий Викторович  |3 (RuTPU)RU\TPU\pers\26181  |9 11990 
701 1 |a Гуляев  |b М. В.  |c российский учёный в области экологии и безопасности жизнедеятельности  |c доцент Томского политехнического университета  |g Милий Всеволодович  |3 (RuTPU)RU\TPU\pers\26050 
701 1 |a Гусельников  |b М. Э.  |c специалист в области экологии и безопасности жизнедеятельности  |c доцент Томского политехнического университета, кандидат технических наук  |f 1959-  |g Михаил Эдуардович  |3 (RuTPU)RU\TPU\pers\26049  |9 11888 
801 1 |a RU  |b 63413507  |c 20100329 
801 2 |a RU  |b 63413507  |c 20140228  |g RCR 
942 |c BK